| 000 | 00742nam a2200205 a 4500 | ||
|---|---|---|---|
| 999 |
_c8036 _d8036 |
||
| 003 | BD-JhCC | ||
| 005 | 20180217182746.0 | ||
| 008 | 180217s1367 ii a|||| |||| 000 0 ben d | ||
| 035 | _a(BD-JhCC) | ||
| 040 |
_aBD-JhCC _dBD-JhCC |
||
| 041 | _aben | ||
| 082 |
_a780.7 _bDAS 1367 |
||
| 100 | _aদাস, শ্রী কার্ত্তিক চন্দ্র | ||
| 245 |
_aনূতন গৎ শিক্ষা বা সরল হারমনিয়ম শিক্ষা / _c শ্রী কার্ত্তিক চন্দ্র দাস, |
||
| 260 |
_aকলকাতা : _bদেব সাহিত্য কুটির, _c1367. |
||
| 300 |
_a120 p. : _c22 cm. |
||
| 650 | _aMusic | ||
| 942 |
_2ddc _cBK |
||